| 000 | 00447nam a2200169Ia 4500 | ||
|---|---|---|---|
| 005 | 20250508151145.0 | ||
| 008 | 008 250505s9999 xx 000 0 eng d | ||
| 037 | _aBooks to be hide in OPAC | ||
| 040 |
_aFEDL _beng _cFEDL |
||
| 041 |
_aeng _2eng |
||
| 084 |
_a371.965, OXF/O _qFEDL |
||
| 245 | 0 | _aEducation of the young worker | |
| 260 | _c1952 | ||
| 300 | _a73p. | ||
| 942 |
_cHB _h371.965, OXF/O |
||
| 999 |
_c1327951 _d1327951 |
||